POPULARNE PREZENTY PIERWSZOKOMUNIJNE - Statystyki

Ogólne statystyki
  • Ten quiz został rozwiązany 241 razy
  • Średni wynik to 5 z 12
Statystyki odpowiedzi
Odpowiedź % Poprawnych
Rower
94%
Pieniądze
91%
Telefon
78%
Komputer | Laptop
76%
Quad
42%
Konsola
38%
Łańcuszek
36%
Biblia
29%
Rolki
19%
Hulajnoga Elektryczna
15%
Smartwatch
15%
Aparat Fotograficzny
5%
Nie znaleziono quizów pasujących do podanych kryteriów
Rozkład punktacji
Procent ludzi z każdym wynikiem
Percentyl według liczby udzielonych odpowiedzi
Twoja historia wyników
Nie rozwiązałeś tego quizu